Understanding And Using English Grammar

Bibliographic Details
Main Author: Azar, Betty Schrampfer
Format: Book
Language:English
Published: USA : Pearson Education , 2002
Subjects:

MARC

LEADER 00000cam a2200000 7i4500
001 0000077940
005 20101209.0
008 100526 eng
022 0 |a 0131933051 
090 0 0 |a 428.24 AZA 
100 1 |a Azar, Betty Schrampfer 
245 1 0 |a Understanding And Using English Grammar   |c Betty Schrampfer Azar 
260 |a USA :   |b Pearson Education ,   |c 2002 
300 |a xvi,437p. :   |b ill. ;   |c 25cm. 
650 0 0 |a English Language   |x Textbooks For Foreign Speakers 
999 |a 0000100731   |b Buku   |c Lincoln Corner Rujukan   |e Perbadanan Perpustakaan Awam Melaka